000 00641nam a2200193Ia 4500
005 20250508153320.0
008 008 250505s9999 xx 000 0 eng d
037 _aTextual
040 _aFEDL
_beng
_cFEDL
041 _aeng
_2eng
084 _a371.26, ASS
_qFEDL
245 0 _aTesting for the secondary technical school : Report by a joint committee
260 _c1945
300 _a26p.
546 _aThe association of technical institutions; The association of principals of technical institutions
650 _aEducational Text and Measurement
_9756297
942 _cTEXL
_h371.26, ASS
999 _c1341958
_d1341958